Os maiores campeões nacionais de futebol - até 2015 - Statistics

Estatísticas Gerais
  • Esse quiz foi jogado 554 vezes
  • A pontuação média é 19 de 38
Estatísticas das Respostas
País Títulos Clube % Correto
BRASIL 8 PALMEIRAS
91%
ARGENTINA 36 RIVER PLATE
91%
ESPANHA 32 REAL MADRID
86%
ITÁLIA 31 JUVENTUS
85%
PORTUGAL 34 BENFICA
84%
BRASIL 8 SANTOS
84%
INGLATERRA 20 MANCHESTER UNITED
83%
HOLANDA 33 AJAX
78%
CHILE 30 COLO COLO
69%
ALEMANHA 25 BAYERN MUNCHEN
64%
MÉXICO 12 AMÉRICA
62%
ESCÓCIA 54 GLASGOW RANGERS
62%
URUGUAI 49 PENHAROL
61%
GRÉCIA 41 OLYMPIAKOS
60%
TURQUIA 20 GALATASARAY
57%
PARAGUAI 39 OLÍMPIA
56%
UCRÂNIA 14 DINAMO DE KIEV
53%
SUÉCIA 18 MALMO
51%
BÉLGICA 33 ANDERLECHT
48%
ARÁBIA SAUDITA 13 AL HILAL
45%
BOLÍVIA 24 BOLÍVAR
45%
EQUADOR 14 BARCELONA
44%
COLÔMBIA 14 NACIONAL DE MEDELLIN
43%
FRANÇA 10 SAINT-ÉTIENNE
42%
SUÍÇA 9 BASEL
40%
VENEZUELA 11 CARACAS
37%
ÁUSTRIA 14 FK AUSTRIA WIEN
37%
JAPÃO 7 KASHIMA ANTLERS
37%
ESTADOS UNIDOS 5 LOS ANGELES GALAXY
37%
EGITO 37 AL-AHLY
36%
RUSSIA 9 SPARTAK MOSCOU
35%
PERU 26 UNIVERSITÁRIO
31%
HUNGRIA 28 FERENCVAROS
22%
DINAMARCA 31 COPENHAGUE
21%
COSTA RICA 31 SAPRISSA
17%
COLÔMBIA 14 MILLIONARIOS
16%
SUÉCIA 18 IFK GOTEBORG
9%
COREIA DO SUL 7 SEONGNAM
5%
Nenhum quiz correspondente encontrado
Distribuição das Pontuações
Porcentagem de Pessoas com Cada Pontuação
Percentil de Números Respondidos
Sua Pontuação Histórica
Você não jogou esse quiz